The moslem doctrine of god (Record no. 14037)
[ view plain ]
| 000 -LEADER | |
|---|---|
| fixed length control field | 01508nmm a2200145 a 4500 |
| 100 1# - MAIN ENTRY--AUTHOR NAME | |
| Personal name | Zwemer, Samuel. |
| 245 14 - TITLE STATEMENT | |
| Title | The moslem doctrine of god |
| 300 ## - PHYSICAL DESCRIPTION | |
| Number of Pages | 1 online resource (124 p.) |
| 500 ## - GENERAL NOTE | |
| General note | Kindle eBook. |
| 520 ## - SUMMARY, ETC. | |
| Summary, etc | Samuel Zwemer (1867-1852) was an American missionary to the Middle East and an avid writer, speaker and teacher. He was known as the βApostle to Islamβ for his untiring efforts to reach them with the Good News of Jesus Christ. THE MOSLEM DOCTRINE OF GOD (1905) is an in-depth study on basic Moslem understanding of Allah. Zwemer was well versed in Islamic thought and knew their texts and Arabic sources incredibly well. He obviously comes at things from a Christian perspective and compares what the Koran says about Allah to what the Bible speaks of God. Though over a century old, very informative and captures the essence of "Moslem Doctrine" in an accurate and concise way. 8 chapters entitled: β’ There is no God but Allah β’ Allah, the Divine Essence β’ The 99 Beautiful Names of Allah β’ Allah's attributes analyzed and examined β’ The relation of Allah to His world β’ Mohammedan ideas of the Trinity β’ Predestination vs. Fatalism β’ The Completed Idea and its Insufficiency * Formatted, spell-checked, fully searchable and with an optimized |
| 856 ## - ELECTRONIC LOCATION AND ACCESS | |
| Uniform Resource Identifier | http://www.amazon.com/exec/obidos/ASIN/B009D6O |
| Withdrawn status | Lost status | Home library | Current library | Date acquired | Cost, normal purchase price | Full call number | Accession Number | Koha item type |
|---|---|---|---|---|---|---|---|---|
| Central Library, QUEST, Nawabshah | Central Library, QUEST, Nawabshah | 15/09/2015 | 655.00 | 297.211ZWE | 11789 | Books |